Adivinhe a Letra: Fico Assim Sem Você - Statistics

Estatísticas Gerais
  • Esse quiz foi jogado 47 vezes
  • A pontuação média é 170 de 199
Estatísticas das Respostas
Resposta % Correto
a
100%
Se
100%
sem
100%
as
97%
assim
97%
é
97%
E
97%
você
97%
eu
94%
Eu
94%
o
91%
poder
91%
Sou
91%
te
91%
Frajola
89%
horas
89%
não
89%
por
89%
que
89%
Que
89%
ver
89%
Avião
86%
bola
86%
conto
86%
de
86%
Futebol
86%
longe
86%
meu
86%
pior
86%
Piu-Piu
86%
Por que
86%
Por que?
86%
pra
86%
quero
86%
solidão
86%
ta
86%
86%
asa
83%
brasa
83%
comigo
83%
falar
83%
fim?
83%
Fogueira
83%
instante
83%
mal
83%
Mas
83%
pra
83%
relógio
83%
ser
83%
tem
83%
Amor
80%
Buchecha
80%
castigo
80%
existo
80%
mil
80%
mim
80%
todo
80%
Nem
77%
Claudinho
74%
Vão
74%
vão
74%
alto-falantes
71%
beijinho
71%
abraço
69%
coração
69%
desejo
69%
falta
69%
louco
69%
mãos
69%
nas
69%
no
69%
ter
69%
chegar
66%
pedaço
66%
teu
66%
Julieta
63%
Romeu
63%
Retomar
57%
Deitar
51%
goiabada
51%
Queijo
51%
chupeta
46%
Carro
43%
estrada
40%
Neném
40%
neném?
40%
Nenhum quiz correspondente encontrado
Distribuição das Pontuações
Porcentagem de Pessoas com Cada Pontuação
Percentil de Números Respondidos
Sua Pontuação Histórica
Você não jogou esse quiz